000 01737nam a22001577a 4500
999 _c521669
_d521669
008 230222b ||||| |||| 00| 0 eng d
100 _aSankar, Amal
_937395
245 _aDeciphering two-minute magic: Men, women and children in Maggi advertisements aired in Indian television
260 _aSociological Bulletin
300 _a71(3), Jul, 2022: p.352-370
520 _aThis article discusses how men, women and children have been represented in Maggi television advertisements aired at different periods in India. The analysis attempts to interpret the similarities and differences in representation and symbolisation of different characters, elements and acts at different periods. As per the analysis, Maggi was hiding its industrial food characteristics behind some of the explicit representations rooted in Brahmanical patriarchy. Maggi started showing their noodles as food for happy and hungry children made by non-working upper-caste-class mothers. Men in Maggi advertisements never cooked. The advertisements included the symbolisation of ritualistic purification in many ways. These representations cover up Maggi’s industrial food characteristics such as reproduction of taste, simplicity to make and convenience. However, Maggi’s advertisements became realistic after India’s food regulator had banned Maggi in 2015. They started to show people from different classes and caste groups, men cook and Maggi being served on streets and started to claim itself as an industrial food through its advertisements.- Reproduced
650 _aRepresentation, of food in media, Intersectionality, Content analysis, Brahmanical patriarchy.
_935831
773 _aSociological Bulletin
906 _aMASS MEDIA
942 _cAR